Problems of world finance transparency and offshore regulation
Objektívne podmienky offshore podnikania a trendy v medzinárodných ekonomických vzťahoch, ktoré toto podnikanie ovplyvňuje. Príčiny, ktoré vedú k tomu, že veľké korporácie, MSP a ďaľšie ekonomické subjekty ukladajú svoje finančné príjmy v offshore centrách.
Na minha lista:
| Autor principal: | |
|---|---|
| Formato: | Capítulo de Livro |
| Idioma: | inglês |
| Assuntos: | |
| Tags: |
Sem tags, seja o primeiro a adicionar uma tag!
|
MARC
| LEADER | 00000naa$a2200000$$$4500 | ||
|---|---|---|---|
| 001 | 0055329 | ||
| 005 | 20231116103723.5 | ||
| 041 | 0 | |a eng | |
| 044 | |a CZ | ||
| 245 | 1 | 0 | |a Problems of world finance transparency and offshore regulation |c Alexander Matusevich |
| 520 | |a Objektívne podmienky offshore podnikania a trendy v medzinárodných ekonomických vzťahoch, ktoré toto podnikanie ovplyvňuje. Príčiny, ktoré vedú k tomu, že veľké korporácie, MSP a ďaľšie ekonomické subjekty ukladajú svoje finančné príjmy v offshore centrách. | ||
| 610 | 2 | 0 | |a financie medzinárodné |
| 610 | 2 | 0 | |a offshore |
| 610 | 2 | 0 | |a podnikanie |
| 610 | 2 | 0 | |a vzťahy medzinárodné |
| 610 | 2 | 0 | |a integrácia ekonomická medzinárodná |
| 100 | 1 | |a Matusevich, Alexander | |